Risk analysis and the security survey / (Record no. 20368)
[ view plain ]
| 000 -LEADER | |
|---|---|
| fixed length control field | 01920cam a22003015a 4500 |
| 001 - CONTROL NUMBER | |
| control field | 16959805 |
| 005 - DATE AND TIME OF LATEST TRANSACTION | |
| control field | 20151214134703.0 |
| 008 - FIXED-LENGTH DATA ELEMENTS--GENERAL INFORMATION | |
| fixed length control field | 110913t2012 maua frb 001 0 eng d |
| 020 ## - INTERNATIONAL STANDARD BOOK NUMBER | |
| International Standard Book Number | 9780123822338 (hardback) |
| 020 ## - INTERNATIONAL STANDARD BOOK NUMBER | |
| International Standard Book Number | 0123822335 (hardback) |
| 040 ## - CATALOGING SOURCE | |
| Original cataloging agency | DLC |
| Transcribing agency | DLC |
| Modifying agency | YDX |
| -- | YDXCP |
| -- | BWX |
| -- | CDX |
| -- | DLC |
| -- | EG-ScBUE |
| Language of cataloging | eng |
| 082 04 - DEWEY DECIMAL CLASSIFICATION NUMBER | |
| Classification number | 363.11 |
| Edition number | 22 |
| Item number | BRO |
| 100 1# - MAIN ENTRY--PERSONAL NAME | |
| Personal name | Broder, James F. |
| 9 (RLIN) | 38908 |
| 245 10 - TITLE STATEMENT | |
| Title | Risk analysis and the security survey / |
| Statement of responsibility, etc | James F. Broder, Eugene Tucker. |
| 250 ## - EDITION STATEMENT | |
| Edition statement | 4th ed. |
| 260 ## - PUBLICATION, DISTRIBUTION, ETC. (IMPRINT) | |
| Place of publication, distribution, etc | Waltham ; |
| -- | Oxford : |
| Name of publisher, distributor, etc | Butterworth-Heinemann / Elsevier, |
| Date of publication, distribution, etc | c.2012. |
| 300 ## - PHYSICAL DESCRIPTION | |
| Extent | xx, 348 p. : |
| Other physical details | ill. ; |
| Dimensions | 25 cm. |
| 500 ## - GENERAL NOTE | |
| General note | Machine generated contents note: Part I: The Treatment and Analysis of Risk Chapter 1: Risk Chapter 2: Vulnerability and Threat Identification Chapter 3: Risk Measurement Chapter 4: Quantifying and Prioritizing Loss Potential Chapter 5: Cost/Benefit Analysis Chapter 6: Other Risk Analysis Methodologies Chapter 7: The Security Survey: An Overview Chapter 8: Management Audit Techniques and the Preliminary Survey Chapter 9: The Survey Report Chapter 10: Crime Prediction Chapter 11: Determining Insurance Requirements Part II: Emergency Management and Business Continuity Planning Chapter 12: Emergency Management: A Brief Introduction Chapter 13: Emergency Response Planning Chapter 14: Business Continuity Planning Chapter 15: Business Impact Analysis Chapter 16: Plan Documentation Chapter 17: Crisis Management Chapter 18: Monitoring Safeguards Chapter 19: The Security Consultant . |
| 500 ## - GENERAL NOTE | |
| General note | Index : p. 329 - 348. |
| 504 ## - BIBLIOGRAPHY, ETC. NOTE | |
| Bibliography, etc | Includes bibliographical references. |
| 650 #0 - SUBJECT ADDED ENTRY--TOPICAL TERM | |
| Topical term or geographic name as entry element | Industries |
| General subdivision | Security measures. |
| Source of heading or term | BUEsh |
| 650 #7 - SUBJECT ADDED ENTRY--TOPICAL TERM | |
| Topical term or geographic name as entry element | Risk management. |
| Source of heading or term | BUEsh |
| 9 (RLIN) | 12222 |
| 650 #0 - SUBJECT ADDED ENTRY--TOPICAL TERM | |
| Topical term or geographic name as entry element | Crime prevention surveys. |
| Source of heading or term | BUEsh |
| 650 #0 - SUBJECT ADDED ENTRY--TOPICAL TERM | |
| Topical term or geographic name as entry element | Assistance in emergencies |
| General subdivision | Planning. |
| Source of heading or term | BUEsh |
| 653 ## - INDEX TERM--UNCONTROLLED | |
| Resource For college | Informatics and Computer Science |
| Arrived date list | July2015 |
| -- | December2015 |
| 700 1# - ADDED ENTRY--PERSONAL NAME | |
| Personal name | Tucker, Eugene, |
| 942 ## - ADDED ENTRY ELEMENTS (KOHA) | |
| Source of classification or shelving scheme | Dewey Decimal Classification |
| Withdrawn status | Lost status | Source of classification or shelving scheme | Damaged status | Not for loan | Koha collection | Home library | Current library | Shelving location | Date acquired | Source of acquisition | Cost, normal purchase price | Serial Enumeration / chronology | Total Checkouts | Full call number | Barcode | Date last seen | Cost, replacement price | Koha item type |
|---|---|---|---|---|---|---|---|---|---|---|---|---|---|---|---|---|---|---|
| Dewey Decimal Classification | Baccah | Central Library | Central Library | First floor | 28/07/2015 | Purchase | 560.00 | 21759 | 658.47 BRO | 000030658 | 15/07/2025 | 700.00 | Book - Borrowing |